MARC details
| 000 -LEADER |
| campo de control de longitud fija |
02460cam a2200289 a 4500 |
| 003 - IDENTIFICADOR DE NÚMERO DE CONTROL |
| campo de control |
BJBSDDR |
| 005 - FECHA Y HORA DE LA ÚLTIMA TRANSACCIÓN |
| campo de control |
20230410121103.0 |
| 007 - CAMPO FIJO DE DESCRIPCIÓN FÍSICA--INFORMACIÓN GENERAL |
| campo de control de longitud fija |
ta |
| 008 - DATOS DE LONGITUD FIJA--INFORMACIÓN GENERAL |
| campo de control de longitud fija |
950414s2019 dr a b 001 0 spa |
| 020 ## - NÚMERO INTERNACIONAL ESTÁNDAR DEL LIBRO |
| Número Internacional Estándar del Libro |
9789945169522 |
| 040 ## - FUENTE DE CATALOGACIÓN |
| Centro catalogador/agencia de origen |
DLC |
| Centro/agencia transcriptor |
DLC |
| Lengua de catalogación |
spa |
| 041 ## - CÓDIGO DE IDIOMA |
| Código de lengua del texto/banda sonora o título independiente |
spa |
| 050 ## - SIGNATURA TOPOGRÁFICA DE LA BIBLIOTECA DEL CONGRESO |
| Número de clasificación |
002 E 911 |
| Número de ítem |
N714t 2019 |
| 082 ## - NÚMERO DE LA CLASIFICACIÓN DECIMAL DEWEY |
| Número de clasificación |
973.933/092 |
| 100 1# - ENTRADA PRINCIPAL--NOMBRE DE PERSONA |
| Nombre de persona |
Nina Gómez, Carlos, |
| Fechas asociadas al nombre |
1950- |
| 245 10 - MENCIÓN DEL TÍTULO |
| Título |
Trump vs. Obama... quién gana? / |
| Mención de responsabilidad, etc. |
Carlos Nina Gómez. |
| 260 ## - PUBLICACIÓN, DISTRIBUCIÓN, ETC. |
| Lugar de publicación, distribución, etc. |
Santo Domingo : |
| Nombre del editor, distribuidor, etc. |
Editora Búho, |
| Fecha de publicación, distribución, etc. |
2019. |
| 300 ## - DESCRIPCIÓN FÍSICA |
| Extensión |
404 páginas : |
| Otras características físicas |
ill. ; |
| Dimensiones |
23 cm. |
| 505 ## - NOTA DE CONTENIDO CON FORMATO |
| Nota de contenido con formato |
Dedicatoria, 11 ; Prólogo, 13 ; Introducción, 19 ; Un presidente bien acompañado, 31 ; Fue justo que a Obama le otorgaran el Premio Nobel de la Paz?, 39 ; En el 2009, con Barak Obama, comienza la salvación de la economía de EE.UU, 47 ; Donald Trump, un presidente muy especial. Echó por el piso los vaticinios en su contra pero en mayo pasaba por un terrible momento, 55 ; Una reforma migratoria que no se concretó -Lo prioritario era derrotar la crisis económica, 63 ; Mas sobre la dura crisis económica que atacó a EE.UU. y las salvadoras y valientes medidas de Barack Obama, 71 ; Con una despedida impactante y tranquila -Obama se fue con 55% de aprobación, 83 ; Donald Trump no le tuvo miedo a nadie ni a nada su lucha, dentro de la Casa Blanca, no se frena y tiene respuestas para todos sus 'francotiradores', 91 ; Barack Obama, el carismático y simpático presidente de EE.UU. Narrar sus gobiernos con objetividad, 101 ; El viejo racismo nunca afectó a Barack Obama, 111 ; Opositor a quien le sucedión en la Casa Blanca, pero nunca falta el respeto a Donald Trump, 121 ; Cómo podría concluir el presidente Donald Trump? y si termina bien, volverá otra vez como candidato?, 131 ; Obama y una medida de sentimiento humano - Pero las críticas nunca pararon, 139 ; Obama y un logro de alta trascendencia. Estados Unidos y su relación con Cuba, 147 ; Obama aplicó estrategias acordes con la realidad. Un presidente siempre cerca de los gobernados, 157 ; El receptivo presidente negro de EE.UU. Su administración de 8 años, buena o mala?, 165 |
| 600 14 - PUNTO DE ACCESO ADICIONAL DE MATERIA--NOMBRE DE PERSONA |
| Nombre de persona |
Obama, Barack |
| Fechas asociadas al nombre |
1961- |
| 600 14 - PUNTO DE ACCESO ADICIONAL DE MATERIA--NOMBRE DE PERSONA |
| Nombre de persona |
Trump, Donald |
| Fechas asociadas al nombre |
1946- |
| Forma completa/desarrollada del nombre |
(Donald John), |
| 650 #4 - PUNTO DE ACCESO ADICIONAL DE MATERIA--TÉRMINO DE MATERIA |
| 9 (RLIN) |
7235 |
| Término de materia o nombre geográfico como elemento de entrada |
Presidentes |
| Subdivisión geográfica |
Estados Unidos |
| Subdivisión general |
Elecciones |
| Subdivisión cronológica |
2016 |
| 651 #4 - PUNTO DE ACCESO ADICIONAL DE MATERIA--NOMBRE GEOGRÁFICO |
| 9 (RLIN) |
2575 |
| Nombre geográfico |
Estados Unidos |
| Subdivisión general |
Política y gobierno |
| Subdivisión cronológica |
2009-2017 |
| 651 #0 - PUNTO DE ACCESO ADICIONAL DE MATERIA--NOMBRE GEOGRÁFICO |
| Nombre geográfico |
Estados Unidos |
| Subdivisión general |
Política y gobierno |
| Subdivisión cronológica |
2017- |
| 9 (RLIN) |
8020 |
| 942 ## - ELEMENTOS DE ENTRADA SECUNDARIOS (KOHA) |
| Fuente del sistema de clasificación o colocación |
Clasificación de Library of Congress |
| Tipo de ítem Koha |
Libro |
| 946 ## - PROCESAMIENTO DE INFORMACIÓN LOCAL (OCLC) |
| a |
dvf |